|
|
|
|
| LEADER |
00000nam0a2200000 4500 |
| 001 |
262085 |
| 005 |
20231101233624.0 |
| 035 |
|
|
|a (RuTPU)RU\TPU\book\285067
|
| 090 |
|
|
|a 262085
|
| 100 |
|
|
|a 20140529d1987 k y0rusy50 ca
|
| 101 |
0 |
|
|a rus
|
| 102 |
|
|
|a RU
|
| 105 |
|
|
|a y z 001zy
|
| 200 |
1 |
|
|a Конечные результаты производства и методы их определения
|f А. В. Воронцовский
|g Ленинградский государственный университет (ЛГУ)
|
| 210 |
|
|
|a Ленинград
|c Изд-во Ленинградского ун-та
|d 1987
|
| 215 |
|
|
|a 151 с.
|
| 320 |
|
|
|a Библиогр. в примеч.
|
| 606 |
1 |
|
|a Качество продукции
|x Управление
|2 stltpush
|3 (RuTPU)RU\TPU\subj\14180
|9 40640
|
| 610 |
1 |
|
|a производства
|
| 610 |
1 |
|
|a конечные результаты
|
| 610 |
1 |
|
|a методы определения
|
| 610 |
1 |
|
|a народное хозяйство
|
| 610 |
1 |
|
|a абсолютные показатели
|
| 610 |
1 |
|
|a исследования
|
| 610 |
1 |
|
|a разработки
|
| 675 |
|
|
|a 658.562
|v 3
|
| 700 |
|
1 |
|a Воронцовский
|b А. В.
|
| 712 |
0 |
2 |
|a Ленинградский государственный университет (ЛГУ)
|c (1924-1991)
|2 stltpush
|3 (RuTPU)RU\TPU\col\77
|
| 801 |
|
1 |
|a RU
|b 63413507
|c 20140529
|
| 801 |
|
2 |
|a RU
|b 63413507
|c 20160331
|g RCR
|
| 942 |
|
|
|c BK
|